| 000 | 00647nam a22002297a 4500 | ||
|---|---|---|---|
| 003 | LC | ||
| 005 | 20160301143048.0 | ||
| 008 | 130910t xxu||||| |||| 00| 0 eng d | ||
| 020 | _a0671219421 | ||
| 020 | _a 9780671219420 | ||
| 050 |
_aPS 3553 _b.C592 1975 |
||
| 082 |
_aFIC _bC54w 1975 |
||
| 100 |
_aClark, Mary Higgins. _917655 |
||
| 245 |
_aWhere are the children ? _cMary Higgins Clark |
||
| 260 |
_aLondon : _bFontana /Collins, _c1975. |
||
| 300 |
_a191 p. _c18 cm. |
||
| 650 | _aMother and child -- Fiction. | ||
| 650 | _aChildren -- Death -- Fiction. | ||
| 650 | _aMassachusetts -- Fiction. | ||
| 942 |
_2lcc _cBK |
||
| 999 |
_c10781 _d10781 |
||